00913nam a2200313 i 450000100060000000300090000600500170001500800410003202000150007304000360008804100080012408000220013208000090015410000280016324500450019125500140023626000510025030000290030138000160033038800100034650400120035665000220036865000140039065000330040465500170043765800210045471000260047585600980050144785KOSZ 00520220330113506.0041010s2004 uk f f |000 0 eng d a0582339324 cKOSZ 005aKOSZ 005dKOSZ 005/HR0 aeng a37.016:811.111'36 a(07)1 aThornbury, ScotteAutor10aHow to teach grammar /cScott Thornbury. a7th impr. aHarlow :bLongman :bPearson Education,c2004. a182 s. :brys. ;c25 cm. aKsiążki a2001- aIndeks. 9aJęzyk angielski 9aGramatyka 9aNauczanie języków obcych aPodręcznik aJęzykoznawstwo2 aLongman (London)4pbl uhttp://koha.tu.koszalin.pl/cgi-bin/koha/opac-detail.pl?biblionumber=44785yKatalog online BPK